Catalog

Record Details

Catalog Search



Potopa : Příběh z našich časů  Cover Image Book Book

Potopa : Příběh z našich časů / Robert Penn Warren ; Z angl. orig. Flood přel. Eva Kondrysová

Summary:

Významný spisovatel amerického Jihu (nar. 1905), nositel dvou Pulitzerových cen za literaturu, zobrazuje v románě z r. 1964 zlom v životě obyvatel městečka, které má zmizet pod vodami údolní přehrady. Zánik městečka přilákalznámého spisovatele a filmového režiséra, aby zde v mizejícím maloměstském prostředí načerpali látku pro film o přizpůsobení lidí a kraje modernímu životnímu stylu. Se vzrušujícím dějem podává autor i společenskokritické ztvárněnídoby a země.

Record details

  • Physical Description: 462, [1] s. ; 8°
  • Edition: 1. vyd.
  • Publisher: Praha : Svoboda, 1974

Content descriptions

General Note:
Obálka a vazba: Zdeněk Ziegler
Orig.: Flood
49750 výt.

Available copies

  • 1 of 1 copy available at Common Catalog SPOK.

Holds

  • 0 current holds with 1 total copy.
Show Only Available Copies
Location Call Number / Copy Notes Barcode Shelving Location Status Due Date
KDS Library 810 WaR 204576801539 Library Available -

LDR 01446nam a22003131 4500
00121179
003CZ-PrJAB
00520150713102849.0
008970415s1974 xr cze
015 . ‡acnb000158609
035 . ‡a(CZ PrNK)bk197403956
035 . ‡a(OCoLC)42089718
040 . ‡aABA001 ‡bcze ‡cOLA001 ‡dABA001
0411 . ‡acze ‡heng
080 . ‡a820(73)-311.4 ‡2undef
1001 . ‡aWarren, Robert Penn, ‡d1905-1989 ‡7jn20000703389 ‡4aut
24510. ‡aPotopa : ‡bPříběh z našich časů / ‡cRobert Penn Warren ; Z angl. orig. Flood přel. Eva Kondrysová
250 . ‡a1. vyd.
260 . ‡aPraha : ‡bSvoboda, ‡c1974 ‡f(Rudé právo)
300 . ‡a462, [1] s. ; ‡c
4901 . ‡aJiskry
500 . ‡aObálka a vazba: Zdeněk Ziegler
500 . ‡aOrig.: Flood
500 . ‡a49750 výt.
520 . ‡aVýznamný spisovatel amerického Jihu (nar. 1905), nositel dvou Pulitzerových cen za literaturu, zobrazuje v románě z r. 1964 zlom v životě obyvatel městečka, které má zmizet pod vodami údolní přehrady. Zánik městečka přilákalznámého spisovatele a filmového režiséra, aby zde v mizejícím maloměstském prostředí načerpali látku pro film o přizpůsobení lidí a kraje modernímu životnímu stylu. Se vzrušujícím dějem podává autor i společenskokritické ztvárněnídoby a země.
7001 . ‡aKondrysová, Eva, ‡d1926- ‡7jk01061476 ‡4trl
7650 . ‡tFlood ‡9Česky
830 0. ‡aJiskry
910 . ‡aABE463
998 . ‡a000158609
901 . ‡a21179 ‡b ‡c21179 ‡tbiblio

Additional Resources